Homestuck Class and Aspect Quiz - Statistics

General Stats
  • This quiz has been taken 63 times
  • The average score is 23 of 26
Answer Stats
Hint Class/Aspect % Correct
? Knight
96%
Maroon and pink Heart
94%
Yellow and white Hope
94%
Orange and yellow Light
94%
Passive Prince
94%
Red, and a lighter red Time
94%
Active Bard
92%
Beige and green Life
92%
? Page
92%
Purple and lighter purple Rage
92%
Black and white Space
92%
Blue and teal Breath
90%
Blue and darker blue Void
90%
Active Witch
90%
Maroon and bright red Blood
88%
Passive Heir
88%
Passive Seer
88%
Green and black Doom
86%
? Maid
86%
Active Thief
86%
Passive Rogue
84%
? Mage
82%
Green and teal Mind
82%
? Sylph
82%
Active Lord
78%
Passive Muse
67%
No matching quizzes found
Score Distribution
Percent of People with Each Score
Percentile by Number Answered
Your Score History
You have not taken this quiz